000 00671nam a22002057a 4500
005 20150526110933.0
010 _aENG-112810
020 _c425.00
_a9789380599724
035 _aEN-96342
037 _bDBAD/PUB
082 _a516
100 _aChatterjee, Utpal
245 _aAdvanced analytical geometry of two and three dimensions :
_cby Utpal Chatterjee [and] Nandini Chatterjee
_btheory and problems /
260 _aKolkata
_bAcademic Publishers
_c2012
270 _a5A Bhawani Dutta Lane,
_bKolkata
_e700073
300 _axiii,854p.:
_c25cm(pbk)
_bill.
500 _aIncludes index
700 _aChatterjee, Nandini
942 _2ddc
_cEN
_mCHA
_h516
999 _c92969
_d92969